Indian women and globalisation (Record no. 4140)

MARC details
000 -LEADER
fixed length control field 00540cam a2200205ua 4500
001 - CONTROL NUMBER
control field 4325
005 - DATE AND TIME OF LATEST TRANSACTION
control field 20260515113821.0
008 - FIXED-LENGTH DATA ELEMENTS--GENERAL INFORMATION
fixed length control field 111223n ii |||gr||||Z||||||eng
020 ## - INTERNATIONAL STANDARD BOOK NUMBER
International Standard Book Number 978-81-7139-321-3
040 ## - CATALOGING SOURCE
Transcribing agency MAIN
082 ## - DEWEY DECIMAL CLASSIFICATION NUMBER
Classification number 305.4
100 1# - MAIN ENTRY--PERSONAL NAME
Personal name Trivedi, Tanuja,
245 11 - TITLE STATEMENT
Title Indian women and globalisation
Statement of responsibility, etc. by Tanuja Trivedi
250 ## - EDITION STATEMENT
Edition statement 1st.
260 ## - PUBLICATION, DISTRIBUTION, ETC.
Place of publication, distribution, etc. New Delhi:
Name of publisher, distributor, etc. Jnanada Prakashan (P&D),
Date of publication, distribution, etc. 2009.
300 ## - PHYSICAL DESCRIPTION
Extent 311p:
Dimensions 23cm.
653 ## - INDEX TERM--UNCONTROLLED
Uncontrolled term Social group of women
653 ## - INDEX TERM--UNCONTROLLED
Uncontrolled term Indian women and globalisation
942 ## - ADDED ENTRY ELEMENTS (KOHA)
Koha item type Books
Holdings
Withdrawn status Lost status Damaged status Not for loan Home library Current library Shelving location Date acquired Total checkouts Full call number Barcode Date last seen Date last checked out Copy number Price effective from Koha item type
        Naharkatiya College Library Naharkatiya College Library General stacks 09/19/2020 1 305.4 | TRI 20517 10/25/2025 08/08/2025 1 09/19/2020 Books